000 00807cam a2200241 4500
001 M88267
008 090401t1997 xxu||||| |||| 00| 0 eng d
035 _a(Sirsi) u82650
041 _aeng
050 _a333.0062
110 _aRoyal Institution of Chartered Surveyors
_94900
245 _aNotice of Extraordinary General Meeting at 1430 hours on 27 November 1997 : the text and commentary on the special and ordinary resolutions to be voted on at the Extraordinary General Meeting.
260 _aLondon
_bRICS
_c1997
300 _a(20)p. ; 30cm.
350 _a0
650 _aABOUT RICS-RICS MEMBERS
650 _aEGM
650 _aRICS RULES OF CONDUCT
650 _aTECHNICAL SURVEYORS
690 _aMANAGEMENT-BUSINESS MANAGEMENT-PROFESSIONAL PRACTICE
942 _n0
948 _c12/12/1997
999 _c96809
_d96809